[Event "EYCC 2024 - G16"]
[Site "?"]
[Date "2024.08.29"]
[Round "7.1"]
[White "Moscovitch, Michal"]
[Black "Bruntse, Kathrine Lindegaard"]
[Result "1-0"]
[BlackElo "1945"]
[WhiteElo "1618"]
[LiveChessVersion "1.4.8"]

1. e4 {[%clk 1:30:58]} c5 {[%clk 1:30:55]} 2. c3 {[%clk 1:31:23]} Nf6
{[%clk 1:31:15]} 3. e5 {[%clk 1:31:48]} Nd5 {[%clk 1:31:37]} 4. Nf3
{[%clk 1:32:10]} Nc6 {[%clk 1:31:23]} 5. Bc4 {[%clk 1:32:29]} Nb6
{[%clk 1:31:37]} 6. Bb3 {[%clk 1:32:53]} c4 {[%clk 1:31:28]} 7. Bc2
{[%clk 1:33:17]} d6 {[%clk 1:30:09]} 8. exd6 {[%clk 1:32:25]} Qxd6
{[%clk 1:29:22]} 9. O-O {[%clk 1:31:41]} g6 {[%clk 1:21:55]} 10. d4
{[%clk 1:24:25]} cxd3 {[%clk 1:16:33]} 11. Qxd3 {[%clk 1:21:59]} Qxd3
{[%clk 1:14:06]} 12. Bxd3 {[%clk 1:22:24]} Bg7 {[%clk 1:12:12]} 13. Nbd2
{[%clk 1:13:22]} O-O {[%clk 1:10:07]} 14. Re1 {[%clk 1:12:20]} Rd8
{[%clk 0:57:42]} 15. Bc2 {[%clk 1:10:18]} Nd5 {[%clk 0:45:51]} 16. Nc4
{[%clk 1:04:21]} Bg4 {[%clk 0:31:17]} 17. Nfe5 {[%clk 0:58:21]} Nxe5
{[%clk 0:30:31]} 18. Nxe5 {[%clk 0:58:40]} Be6 {[%clk 0:28:31]} 19. h3
{[%clk 0:42:44]} Rac8 {[%clk 0:26:43]} 20. Bb3 {[%clk 0:41:47]} Nc7
{[%clk 0:22:13]} 21. Bxe6 {[%clk 0:38:17]} Nxe6 {[%clk 0:22:34]} 22. Nf3
{[%clk 0:38:14]} Rd7 {[%clk 0:20:58]} 23. Be3 {[%clk 0:37:44]} b6
{[%clk 0:20:20]} 24. Rad1 {[%clk 0:36:22]} Rcd8 {[%clk 0:19:24]} 25. Rxd7
{[%clk 0:36:37]} Rxd7 {[%clk 0:19:48]} 26. Kf1 {[%clk 0:36:15]} Kf8
{[%clk 0:18:33]} 27. Ke2 {[%clk 0:32:50]} Ke8 {[%clk 0:17:07]} 28. Rd1
{[%clk 0:32:47]} Rxd1 {[%clk 0:17:17]} 29. Kxd1 {[%clk 0:33:13]} Kd7
{[%clk 0:17:23]} 30. Kc2 {[%clk 0:31:43]} Kc6 {[%clk 0:14:40]} 31. Ng5
{[%clk 0:28:01]} Nxg5 {[%clk 0:14:45]} 32. Bxg5 {[%clk 0:28:29]} f6
{[%clk 0:13:23]} 33. Be3 {[%clk 0:28:30]} e5 {[%clk 0:11:49]} 34. f3
{[%clk 0:28:20]} f5 {[%clk 0:11:05]} 35. Kd3 {[%clk 0:26:38]} a6 {[%clk 0:09:57]}
36. b3 {[%clk 0:19:33]} e4+ {[%clk 0:05:04]} 37. fxe4 {[%clk 0:18:29]} fxe4+
{[%clk 0:05:29]} 38. Kxe4 {[%clk 0:16:24]} Bxc3 {[%clk 0:05:52]} 39. Bd4
{[%clk 0:11:07]} Bxd4 {[%clk 0:05:55]} 40. Kxd4 {[%clk 0:11:35]} Kd6
{[%clk 0:05:45]} 41. a3 {[%clk 0:08:52]} h6 {[%clk 0:04:56]} 42. g3
{[%clk 0:08:16]} Kc6 {[%clk 0:03:36]} 43. Ke5 {[%clk 0:05:24]} Kc5
{[%clk 0:02:39]} 44. Kf6 {[%clk 0:05:03]} Kd4 {[%clk 0:01:59]} 45. Kxg6
{[%clk 0:05:19]} Kc3 {[%clk 0:02:25]} 46. Kxh6 {[%clk 0:05:20]} Kxb3
{[%clk 0:02:50]} 47. g4 {[%clk 0:05:41]} Kxa3 {[%clk 0:02:58]} 48. g5
{[%clk 0:06:04]} b5 {[%clk 0:02:57]} 49. g6 {[%clk 0:06:31]} b4 {[%clk 0:03:21]}
50. g7 {[%clk 0:06:55]} b3 {[%clk 0:03:30]} 51. g8=Q {[%clk 0:07:15]} b2
{[%clk 0:03:45]} 52. Qa8 {[%clk 0:07:16]} b1=Q {[%clk 0:02:39]} 53. Qxa6+
{[%clk 0:07:42]} Kb2 {[%clk 0:02:58]} 54. Qb5+ {[%clk 0:08:04]} 1-0

[Event "EYCC 2024 - G16"]
[Site "?"]
[Date "2024.08.29"]
[Round "7.2"]
[White "Hakobova, Alisa"]
[Black "Karacsonyi, Luca"]
[Result "0-1"]
[BlackElo "1914"]
[WhiteElo "1619"]
[LiveChessVersion "1.4.8"]

1. e4 {[%clk 1:30:51]} c5 {[%clk 1:30:55]} 2. Nc3 {[%clk 1:31:01]} Nc6
{[%clk 1:31:19]} 3. Bb5 {[%clk 1:31:27]} Nd4 {[%clk 1:31:20]} 4. Bc4
{[%clk 1:31:52]} e6 {[%clk 1:31:36]} 5. Nge2 {[%clk 1:31:44]} Nf6
{[%clk 1:31:41]} 6. O-O {[%clk 1:32:10]} a6 {[%clk 1:31:56]} 7. a4
{[%clk 1:32:32]} d5 {[%clk 1:32:01]} 8. exd5 {[%clk 1:32:57]} exd5
{[%clk 1:32:24]} 9. Ba2 {[%clk 1:33:24]} Nxe2+ {[%clk 1:32:43]} 10. Qxe2+
{[%clk 1:33:47]} Be7 {[%clk 1:32:58]} 11. Re1 {[%clk 1:33:39]} Bg4
{[%clk 1:32:58]} 12. Qe5 {[%clk 1:32:07]} Be6 {[%clk 1:32:43]} 13. h3
{[%clk 1:24:55]} O-O {[%clk 1:28:52]} 14. d3 {[%clk 1:16:29]} Bd6
{[%clk 1:25:05]} 15. Qe2 {[%clk 1:16:21]} Re8 {[%clk 1:23:22]} 16. Bg5
{[%clk 1:15:33]} h6 {[%clk 1:12:13]} 17. Bxf6 {[%clk 1:08:12]} Qxf6
{[%clk 1:10:32]} 18. Qh5 {[%clk 1:06:43]} Qf4 {[%clk 0:58:56]} 19. g3
{[%clk 1:07:04]} Qd4 {[%clk 0:57:15]} 20. Kg2 {[%clk 1:03:12]} c4
{[%clk 0:44:04]} 21. dxc4 {[%clk 1:02:21]} dxc4 {[%clk 0:42:30]} 22. a5
{[%clk 0:43:46]} Bc5 {[%clk 0:32:33]} 23. Qf3 {[%clk 0:37:31]} Qd7
{[%clk 0:31:01]} 24. Qh5 {[%clk 0:24:14]} Qc6+ {[%clk 0:28:00]} 25. Kg1
{[%clk 0:24:39]} Rad8 {[%clk 0:24:39]} 26. Red1 {[%clk 0:17:20]} Bd4
{[%clk 0:23:06]} 27. Qh4 {[%clk 0:15:16]} Bf6 {[%clk 0:22:10]} 28. Qh5
{[%clk 0:13:33]} Bg5 {[%clk 0:17:36]} 29. Rxd8 {[%clk 0:12:15]} Rxd8
{[%clk 0:17:52]} 30. Rd1 {[%clk 0:10:19]} Rxd1+ {[%clk 0:16:38]} 31. Qxd1
{[%clk 0:08:06]} Bxh3 {[%clk 0:16:42]} 32. Qd5 {[%clk 0:08:33]} Qxd5
{[%clk 0:13:41]} 33. Nxd5 {[%clk 0:08:56]} Bd8 {[%clk 0:12:24]} 34. Bxc4
{[%clk 0:08:22]} Bxa5 {[%clk 0:12:19]} 35. Nf4 {[%clk 0:05:03]} Bd7
{[%clk 0:11:32]} 36. Kf1 {[%clk 0:03:43]} Bb5 {[%clk 0:09:40]} 37. Bxb5
{[%clk 0:03:55]} axb5 {[%clk 0:10:06]} 38. Ke2 {[%clk 0:04:23]} Kf8
{[%clk 0:09:22]} 39. Kd3 {[%clk 0:04:34]} Ke7 {[%clk 0:08:24]} 40. b4
{[%clk 0:02:00]} Bd8 {[%clk 0:08:37]} 41. Ke4 {[%clk 0:01:32]} Kd6
{[%clk 0:07:49]} 42. g4 {[%clk 0:01:44]} Bg5 {[%clk 0:07:20]} 43. Nd3
{[%clk 0:02:02]} Bd2 {[%clk 0:07:20]} 44. f4 {[%clk 0:01:24]} b6 {[%clk 0:07:18]}
45. Kd4 {[%clk 0:00:45]} Ke6 {[%clk 0:06:49]} 46. Ke4 {[%clk 0:00:39]} Bc3
{[%clk 0:06:44]} 47. f5+ {[%clk 0:00:38]} Kd6 {[%clk 0:06:52]} 48. Nf4
{[%clk 0:00:32]} Bxb4 {[%clk 0:06:47]} 49. Ne2 {[%clk 0:00:32]} Kc5
{[%clk 0:05:29]} 50. Ke5 {[%clk 0:00:38]} Kc4 {[%clk 0:04:32]} 51. Nf4
{[%clk 0:00:49]} Bc3+ {[%clk 0:03:23]} 52. Kd6 {[%clk 0:01:00]} b4
{[%clk 0:02:24]} 53. Kc6 {[%clk 0:00:34]} Bd4 {[%clk 0:02:09]} 54. Nd5
{[%clk 0:00:42]} Bc5 {[%clk 0:01:57]} 55. Nf4 {[%clk 0:00:31]} Kc3 0-1

[Event "EYCC 2024 - G16"]
[Site "?"]
[Date "2024.08.29"]
[Round "7.3"]
[White "Ingel, Mica Bar"]
[Black "Jansone, Melanija Luize"]
[Result "1-0"]
[BlackElo "1755"]
[WhiteElo "1911"]
[LiveChessVersion "1.4.8"]

1. e4 {[%clk 1:30:57]} c5 {[%clk 1:30:38]} 2. Nf3 {[%clk 1:31:22]} a6
{[%clk 1:30:44]} 3. d4 {[%clk 1:31:07]} cxd4 {[%clk 1:30:56]} 4. Nxd4
{[%clk 1:31:08]} Nf6 {[%clk 1:30:29]} 5. Nc3 {[%clk 1:31:28]} e5 {[%clk 1:30:23]}
6. Nf3 {[%clk 1:30:46]} Bb4 {[%clk 1:29:02]} 7. Bg5 {[%clk 1:22:30]} h6
{[%clk 1:22:08]} 8. Bxf6 {[%clk 1:18:44]} Qxf6 {[%clk 1:21:38]} 9. Qd3
{[%clk 1:16:08]} O-O {[%clk 1:18:35]} 10. O-O-O {[%clk 1:12:10]} Bxc3
{[%clk 1:16:55]} 11. Qxc3 {[%clk 1:12:37]} Qf4+ {[%clk 1:10:25]} 12. Kb1
{[%clk 1:12:55]} Nc6 {[%clk 0:59:09]} 13. Bc4 {[%clk 1:07:58]} Qf6
{[%clk 0:47:25]} 14. Bd5 {[%clk 1:06:28]} Re8 {[%clk 0:44:14]} 15. h3
{[%clk 1:02:46]} b5 {[%clk 0:40:28]} 16. Rhg1 {[%clk 0:59:18]} Rb8
{[%clk 0:36:12]} 17. g4 {[%clk 0:58:51]} b4 {[%clk 0:34:57]} 18. Qd3
{[%clk 0:57:38]} Ne7 {[%clk 0:30:41]} 19. Bb3 {[%clk 0:55:40]} Bb7
{[%clk 0:26:43]} 20. g5 {[%clk 0:55:05]} hxg5 {[%clk 0:26:28]} 21. Nxg5
{[%clk 0:55:14]} Rf8 {[%clk 0:23:30]} 22. Qg3 {[%clk 0:54:50]} Qh6
{[%clk 0:22:33]} 23. Rxd7 {[%clk 0:54:27]} Bd5 {[%clk 0:19:28]} 24. exd5
{[%clk 0:52:45]} Nf5 {[%clk 0:19:35]} 25. Qxe5 {[%clk 0:52:45]} Qg6
{[%clk 0:16:44]} 26. d6 {[%clk 0:51:57]} Rbe8 {[%clk 0:16:59]} 27. Bxf7+
{[%clk 0:50:29]} Qxf7 {[%clk 0:17:11]} 28. Nxf7 {[%clk 0:50:55]} Rxe5
{[%clk 0:17:31]} 29. Nxe5 {[%clk 0:51:22]} Re8 {[%clk 0:17:02]} 30. Nc4
{[%clk 0:51:18]} 1-0

[Event "EYCC 2024 - G16"]
[Site "?"]
[Date "2024.08.29"]
[Round "7.4"]
[White "Zdor, Viktoriia"]
[Black "Vermeulen, Hailey"]
[Result "1-0"]
[BlackElo "1731"]
[WhiteElo "1882"]
[LiveChessVersion "1.4.8"]

1. d4 {[%clk 1:30:57]} Nf6 {[%clk 1:30:52]} 2. c4 {[%clk 1:31:22]} g6
{[%clk 1:31:15]} 3. g3 {[%clk 1:31:46]} Bg7 {[%clk 1:31:39]} 4. Bg2
{[%clk 1:32:08]} O-O {[%clk 1:32:02]} 5. Nf3 {[%clk 1:32:35]} d6 {[%clk 1:32:25]}
6. O-O {[%clk 1:32:58]} Nc6 {[%clk 1:32:49]} 7. d5 {[%clk 1:33:20]} Na5
{[%clk 1:32:57]} 8. Nfd2 {[%clk 1:33:39]} c5 {[%clk 1:31:25]} 9. a3
{[%clk 1:33:02]} b6 {[%clk 1:29:42]} 10. b4 {[%clk 1:32:16]} Nb7 {[%clk 1:29:47]}
11. Bb2 {[%clk 1:28:43]} Bd7 {[%clk 1:27:36]} 12. Nc3 {[%clk 1:25:17]} Qc8
{[%clk 1:26:28]} 13. Re1 {[%clk 1:24:25]} a6 {[%clk 1:23:46]} 14. e4
{[%clk 1:15:07]} b5 {[%clk 1:10:46]} 15. Qe2 {[%clk 1:14:09]} cxb4
{[%clk 1:07:12]} 16. axb4 {[%clk 1:14:22]} bxc4 {[%clk 1:07:13]} 17. Nxc4
{[%clk 1:14:20]} Qc7 {[%clk 1:05:31]} 18. Na4 {[%clk 1:00:36]} Bb5
{[%clk 0:58:08]} 19. Rec1 {[%clk 0:56:54]} Rac8 {[%clk 0:54:53]} 20. Bf1
{[%clk 0:52:58]} a5 {[%clk 0:49:27]} 21. Qe1 {[%clk 0:47:50]} Qd8
{[%clk 0:47:10]} 22. Nab6 {[%clk 0:42:10]} Rb8 {[%clk 0:43:02]} 23. bxa5
{[%clk 0:41:16]} Nc5 {[%clk 0:40:46]} 24. Qb4 {[%clk 0:28:19]} Ba6
{[%clk 0:38:53]} 25. Ne5 {[%clk 0:26:36]} Bxf1 {[%clk 0:36:43]} 26. Rxf1
{[%clk 0:20:58]} Na6 {[%clk 0:33:18]} 27. Qc4 {[%clk 0:20:53]} dxe5
{[%clk 0:33:21]} 28. Bxe5 {[%clk 0:19:03]} Nxe4 {[%clk 0:29:42]} 29. Bxg7
{[%clk 0:17:37]} Kxg7 {[%clk 0:29:44]} 30. Qxe4 {[%clk 0:17:38]} f6
{[%clk 0:29:14]} 31. Rfe1 {[%clk 0:17:07]} Re8 {[%clk 0:29:03]} 32. Rac1
{[%clk 0:15:58]} Nc7 {[%clk 0:26:30]} 33. Rc6 {[%clk 0:16:02]} Na8
{[%clk 0:24:46]} 34. Nxa8 {[%clk 0:15:06]} Rxa8 {[%clk 0:25:10]} 35. a6
{[%clk 0:15:25]} Qa5 {[%clk 0:23:48]} 36. Re6 {[%clk 0:15:04]} Ra7
{[%clk 0:20:49]} 37. d6 {[%clk 0:15:12]} Rd7 {[%clk 0:13:36]} 38. dxe7
{[%clk 0:15:00]} Qa3 {[%clk 0:13:07]} 39. Qc6 {[%clk 0:14:20]} Rdxe7
{[%clk 0:12:27]} 40. Rxe7+ {[%clk 0:14:41]} Rxe7 {[%clk 0:12:48]} 41. Rxe7+
{[%clk 0:15:07]} Qxe7 {[%clk 0:13:10]} 42. Qb7 {[%clk 0:15:34]} 1-0

[Event "EYCC 2024 - G16"]
[Site "?"]
[Date "2024.08.29"]
[Round "7.5"]
[White "Natoli, Alessia"]
[Black "Kucuk, Aybike"]
[Result "0-1"]
[BlackElo "1872"]
[WhiteElo "1944"]
[LiveChessVersion "1.4.8"]

1. e4 {[%clk 1:30:58]} c6 {[%clk 1:30:51]} 2. d4 {[%clk 1:31:20]} d5
{[%clk 1:31:16]} 3. Nc3 {[%clk 1:31:45]} dxe4 {[%clk 1:31:39]} 4. Nxe4
{[%clk 1:32:09]} Nf6 {[%clk 1:32:02]} 5. Nxf6+ {[%clk 1:32:34]} exf6
{[%clk 1:32:27]} 6. Be3 {[%clk 1:32:47]} Bd6 {[%clk 1:32:37]} 7. Bd3
{[%clk 1:32:01]} O-O {[%clk 1:31:45]} 8. Ne2 {[%clk 1:30:27]} Qc7
{[%clk 1:30:51]} 9. h3 {[%clk 1:27:37]} Re8 {[%clk 1:29:40]} 10. O-O
{[%clk 1:24:42]} Nd7 {[%clk 1:27:59]} 11. c4 {[%clk 1:22:19]} c5 {[%clk 1:24:22]}
12. Rc1 {[%clk 1:17:51]} Nf8 {[%clk 1:15:26]} 13. Qd2 {[%clk 1:11:17]} b6
{[%clk 1:10:04]} 14. Rce1 {[%clk 1:02:46]} Ng6 {[%clk 1:05:00]} 15. Nc3
{[%clk 0:57:18]} Bd7 {[%clk 0:50:03]} 16. Nd5 {[%clk 0:54:38]} Qb7
{[%clk 0:48:37]} 17. dxc5 {[%clk 0:52:30]} Bxc5 {[%clk 0:44:33]} 18. Bxg6
{[%clk 0:50:35]} hxg6 {[%clk 0:41:13]} 19. b4 {[%clk 0:45:08]} Bf8
{[%clk 0:38:22]} 20. Bf4 {[%clk 0:40:46]} Rac8 {[%clk 0:35:27]} 21. Rxe8
{[%clk 0:37:24]} Bxe8 {[%clk 0:30:23]} 22. Rc1 {[%clk 0:34:42]} g5
{[%clk 0:28:34]} 23. Bg3 {[%clk 0:31:34]} Bc6 {[%clk 0:26:25]} 24. Ne3
{[%clk 0:28:27]} Qd7 {[%clk 0:25:26]} 25. Qxd7 {[%clk 0:24:37]} Bxd7
{[%clk 0:25:53]} 26. a3 {[%clk 0:24:21]} Be6 {[%clk 0:23:10]} 27. f3
{[%clk 0:19:40]} f5 {[%clk 0:23:00]} 28. Bf2 {[%clk 0:18:04]} f4 {[%clk 0:23:03]}
29. Ng4 {[%clk 0:16:46]} Rxc4 {[%clk 0:22:55]} 30. Rxc4 {[%clk 0:13:56]} Bxc4
{[%clk 0:23:23]} 31. Bd4 {[%clk 0:12:21]} f6 {[%clk 0:22:25]} 32. Nf2
{[%clk 0:10:32]} Kf7 {[%clk 0:22:08]} 33. Ne4 {[%clk 0:07:41]} Ke6
{[%clk 0:21:05]} 34. Bb2 {[%clk 0:06:37]} Bd3 {[%clk 0:19:38]} 35. Nc3
{[%clk 0:05:47]} Bd6 {[%clk 0:19:01]} 36. Kf2 {[%clk 0:05:18]} Be5
{[%clk 0:16:03]} 37. Ba1 {[%clk 0:02:52]} Kd6 {[%clk 0:13:22]} 38. Bb2
{[%clk 0:02:22]} Kc6 {[%clk 0:12:34]} 39. Ba1 {[%clk 0:01:55]} Bd4+
{[%clk 0:12:37]} 40. Ke1 {[%clk 0:02:06]} Bg1 {[%clk 0:11:04]} 41. a4
{[%clk 0:01:11]} Bh2 {[%clk 0:10:47]} 42. Ne2 {[%clk 0:01:26]} Kd5
{[%clk 0:10:45]} 43. Bc3 {[%clk 0:01:19]} Kc4 {[%clk 0:10:51]} 44. Bd2
{[%clk 0:01:42]} Bxe2 {[%clk 0:10:35]} 45. Kxe2 {[%clk 0:02:11]} Bg1
{[%clk 0:10:49]} 46. Kd1 {[%clk 0:01:12]} Kb3 {[%clk 0:10:07]} 47. a5
{[%clk 0:01:26]} b5 {[%clk 0:10:20]} 48. Ke2 {[%clk 0:01:34]} a6 {[%clk 0:09:55]}
49. Kd3 {[%clk 0:01:48]} Bf2 {[%clk 0:10:19]} 50. Bc3 {[%clk 0:02:02]} Be3
{[%clk 0:10:38]} 51. Be1 {[%clk 0:02:10]} Bg1 {[%clk 0:10:51]} 52. Bd2
{[%clk 0:01:58]} Ba7 {[%clk 0:11:11]} 53. Bc3 {[%clk 0:01:58]} Bb8
{[%clk 0:11:35]} 54. Bd4 {[%clk 0:00:51]} Kxb4 {[%clk 0:12:00]} 55. Bb6
{[%clk 0:01:15]} Be5 {[%clk 0:12:06]} 56. Ke4 {[%clk 0:01:09]} Kc4
{[%clk 0:12:30]} 0-1

[Event "EYCC 2024 - G16"]
[Site "?"]
[Date "2024.08.29"]
[Round "7.6"]
[White "Sharova, Elyzaveta"]
[Black "Vujatovic, Irina"]
[Result "1-0"]
[BlackElo "1913"]
[WhiteElo "1765"]
[LiveChessVersion "1.4.8"]

1. Nf3 {[%clk 1:30:54]} d5 {[%clk 1:30:55]} 2. g3 {[%clk 1:31:10]} Nf6
{[%clk 1:31:20]} 3. Bg2 {[%clk 1:31:36]} e6 {[%clk 1:31:46]} 4. O-O
{[%clk 1:31:58]} Bd6 5. c4 {[%clk 1:32:19]} O-O {[%clk 1:32:33]} 6. Qc2
{[%clk 1:32:11]} h6 {[%clk 1:32:39]} 7. a3 {[%clk 1:29:53]} b6 {[%clk 1:30:07]}
8. Nc3 {[%clk 1:27:08]} Bb7 {[%clk 1:30:17]} 9. b3 {[%clk 1:25:11]} a6
{[%clk 1:30:03]} 10. cxd5 {[%clk 1:24:56]} exd5 {[%clk 1:29:02]} 11. Bb2
{[%clk 1:24:44]} Re8 {[%clk 1:25:11]} 12. d4 {[%clk 1:22:08]} Nbd7
{[%clk 1:22:58]} 13. e3 {[%clk 1:19:24]} Rc8 {[%clk 1:19:02]} 14. Rac1
{[%clk 1:18:19]} Qe7 {[%clk 1:19:09]} 15. b4 {[%clk 1:16:58]} c5 {[%clk 1:17:52]}
16. bxc5 {[%clk 1:15:13]} bxc5 {[%clk 1:18:04]} 17. dxc5 {[%clk 1:08:32]} Bxc5
{[%clk 1:16:21]} 18. Qd3 {[%clk 1:06:52]} Nb6 {[%clk 1:09:24]} 19. a4
{[%clk 0:53:53]} Nc4 {[%clk 1:02:22]} 20. Rb1 {[%clk 0:52:08]} Red8
{[%clk 1:00:40]} 21. Nd4 {[%clk 0:51:15]} Bb4 {[%clk 0:55:58]} 22. Ba1
{[%clk 0:49:40]} Ne5 {[%clk 0:52:19]} 23. Qc2 {[%clk 0:42:57]} Ba8
{[%clk 0:41:39]} 24. Qb3 {[%clk 0:38:09]} Rb8 {[%clk 0:41:19]} 25. Qa2
{[%clk 0:38:19]} Qc5 {[%clk 0:39:16]} 26. Nce2 {[%clk 0:35:56]} Nc4
{[%clk 0:35:41]} 27. Rfc1 {[%clk 0:31:54]} Ng4 {[%clk 0:25:33]} 28. Nf4
{[%clk 0:29:07]} Bd2 {[%clk 0:21:58]} 29. Nb3 {[%clk 0:24:38]} Rxb3
{[%clk 0:21:31]} 30. Qxb3 {[%clk 0:24:47]} Bxc1 {[%clk 0:19:09]} 31. Rxc1
{[%clk 0:25:06]} Qd6 {[%clk 0:16:26]} 32. Qc3 {[%clk 0:19:15]} Nf6
{[%clk 0:15:22]} 33. h3 {[%clk 0:17:44]} Rc8 {[%clk 0:08:21]} 34. Qd4
{[%clk 0:16:11]} Qa3 {[%clk 0:07:18]} 35. Rd1 {[%clk 0:15:02]} Rd8
{[%clk 0:07:02]} 36. Bf1 {[%clk 0:12:06]} Rd7 {[%clk 0:05:14]} 37. Rb1
{[%clk 0:08:53]} Bb7 {[%clk 0:04:33]} 38. Nxd5 {[%clk 0:06:48]} Rxd5
{[%clk 0:02:48]} 39. Qxc4 {[%clk 0:06:47]} Rc5 {[%clk 0:01:38]} 40. Qd4
{[%clk 0:04:53]} Be4 {[%clk 0:00:42]} 41. Rb8+ {[%clk 0:04:49]} Kh7
{[%clk 0:01:06]} 42. Bb2 {[%clk 0:05:08]} Qa2 {[%clk 0:00:37]} 43. Qxc5
{[%clk 0:05:35]} Qb1 {[%clk 0:00:57]} 44. Qc1 {[%clk 0:04:36]} Qa2
{[%clk 0:01:20]} 45. Qc4 {[%clk 0:04:50]} Qb1 {[%clk 0:01:25]} 46. Be5
{[%clk 0:05:04]} Qd1 {[%clk 0:01:18]} 47. Bxf6 {[%clk 0:05:19]} Qf3
{[%clk 0:01:39]} 48. Qxe4+ {[%clk 0:03:41]} Qxe4 {[%clk 0:02:03]} 49. Bd4
{[%clk 0:04:00]} Qc2 {[%clk 0:01:23]} 50. Ra8 {[%clk 0:03:34]} h5
{[%clk 0:00:46]} 51. Rxa6 {[%clk 0:03:35]} h4 {[%clk 0:01:02]} 52. g4
{[%clk 0:03:40]} Qc8 {[%clk 0:01:09]} 53. Ra7 {[%clk 0:03:33]} Kg8
{[%clk 0:00:46]} 54. a5 {[%clk 0:03:42]} f5 {[%clk 0:00:46]} 55. Rxg7+
{[%clk 0:03:33]} Kf8 {[%clk 0:01:07]} 56. a6 {[%clk 0:03:42]} Qb8
{[%clk 0:00:46]} 57. a7 {[%clk 0:03:53]} Qa8 {[%clk 0:01:03]} 58. Bg2
{[%clk 0:04:14]} 1-0

[Event "EYCC 2024 - G16"]
[Site "?"]
[Date "2024.08.29"]
[Round "7.7"]
[White "Hayrapetyan, Nvard"]
[Black "Pinyol I Llora, Julia"]
[Result "1-0"]
[BlackElo "1909"]
[WhiteElo "1748"]
[LiveChessVersion "1.4.8"]

1. d4 {[%clk 1:30:57]} d5 {[%clk 1:30:53]} 2. c4 {[%clk 1:31:25]} e6
{[%clk 1:31:13]} 3. Nc3 {[%clk 1:31:50]} c6 {[%clk 1:31:36]} 4. e4
{[%clk 1:31:42]} dxe4 {[%clk 1:31:52]} 5. Nxe4 {[%clk 1:32:09]} Bb4+
{[%clk 1:31:57]} 6. Bd2 {[%clk 1:32:27]} Qxd4 {[%clk 1:32:10]} 7. Bxb4
{[%clk 1:32:52]} Qxe4+ {[%clk 1:32:33]} 8. Be2 {[%clk 1:33:15]} Na6
{[%clk 1:32:40]} 9. Ba5 {[%clk 1:32:50]} b6 {[%clk 1:32:47]} 10. Qd6
{[%clk 1:32:47]} Bd7 {[%clk 1:29:04]} 11. Bc3 {[%clk 1:32:40]} f6
{[%clk 1:26:43]} 12. Nf3 {[%clk 1:31:11]} Nh6 {[%clk 1:19:57]} 13. O-O-O
{[%clk 1:28:14]} O-O-O {[%clk 1:13:38]} 14. Rhe1 {[%clk 1:19:37]} Nc5
{[%clk 1:04:27]} 15. b4 {[%clk 0:32:23]} Na4 {[%clk 0:46:18]} 16. c5
{[%clk 0:28:52]} Qxe2 {[%clk 0:34:54]} 17. Rxe2 {[%clk 0:28:58]} Nxc3
{[%clk 0:35:08]} 18. Red2 {[%clk 0:26:26]} Nxd1 {[%clk 0:33:04]} 19. Rxd1
{[%clk 0:26:25]} Nf5 {[%clk 0:32:06]} 20. Qd3 {[%clk 0:26:15]} Kb7
{[%clk 0:30:30]} 21. g4 {[%clk 0:25:38]} Nh6 {[%clk 0:30:01]} 22. h3
{[%clk 0:25:20]} e5 {[%clk 0:27:53]} 23. Qd6 {[%clk 0:25:16]} Rhe8
{[%clk 0:23:29]} 24. Ne1 {[%clk 0:22:01]} Bxg4 {[%clk 0:19:31]} 25. Qxd8
{[%clk 0:22:23]} Rxd8 {[%clk 0:19:58]} 26. Rxd8 {[%clk 0:22:50]} Bxh3
{[%clk 0:19:32]} 27. Rh8 {[%clk 0:21:34]} Bf5 {[%clk 0:18:59]} 28. Re8
{[%clk 0:21:36]} Ka6 {[%clk 0:15:04]} 29. cxb6 {[%clk 0:21:55]} Kxb6
{[%clk 0:14:20]} 30. Kb2 {[%clk 0:21:47]} Ng4 {[%clk 0:13:46]} 31. f3
{[%clk 0:21:54]} Ne3 {[%clk 0:13:51]} 32. Kb3 {[%clk 0:21:14]} h5
{[%clk 0:12:56]} 33. a4 {[%clk 0:20:53]} g5 {[%clk 0:09:51]} 34. Rf8
{[%clk 0:19:33]} Nd5 {[%clk 0:09:50]} 35. a5+ {[%clk 0:19:58]} Kc7
{[%clk 0:09:22]} 36. Rf7+ {[%clk 0:20:23]} Bd7 {[%clk 0:09:42]} 37. Nd3
{[%clk 0:20:38]} Kd6 {[%clk 0:04:21]} 38. Nc5 {[%clk 0:21:00]} Bf5
{[%clk 0:03:52]} 39. Rxa7 {[%clk 0:20:00]} h4 {[%clk 0:03:46]} 40. Rg7
{[%clk 0:11:01]} h3 {[%clk 0:02:07]} 41. Nb7+ {[%clk 0:08:38]} Ke6
{[%clk 0:02:32]} 42. Nc5+ {[%clk 0:05:00]} Kd6 {[%clk 0:02:57]} 43. Ne4+
{[%clk 0:03:12]} Ke6 {[%clk 0:02:23]} 44. Nf2 {[%clk 0:02:35]} h2
{[%clk 0:01:43]} 45. Rg8 {[%clk 0:02:20]} e4 {[%clk 0:00:58]} 46. fxe4
{[%clk 0:01:50]} Bxe4 {[%clk 0:01:09]} 47. Rh8 {[%clk 0:02:16]} h1=Q
{[%clk 0:00:59]} 48. Nxh1 {[%clk 0:02:43]} Bxh1 {[%clk 0:01:25]} 49. Rxh1
{[%clk 0:03:09]} g4 {[%clk 0:01:45]} 50. Kc4 {[%clk 0:03:34]} f5 {[%clk 0:02:02]}
51. Kc5 {[%clk 0:03:55]} g3 {[%clk 0:01:56]} 52. a6 {[%clk 0:04:04]} Nc7
{[%clk 0:01:48]} 53. a7 {[%clk 0:04:31]} f4 {[%clk 0:01:24]} 54. Kxc6
{[%clk 0:04:11]} Na8 {[%clk 0:01:26]} 55. Rg1 {[%clk 0:04:35]} Kf5
{[%clk 0:01:35]} 56. Kb7 {[%clk 0:04:26]} Kg4 {[%clk 0:01:50]} 57. Kxa8
{[%clk 0:03:02]} f3 {[%clk 0:02:16]} 58. Kb7 {[%clk 0:02:19]} f2 {[%clk 0:02:41]}
59. Rc1 {[%clk 0:02:12]} g2 {[%clk 0:02:56]} 60. a8=Q {[%clk 0:02:26]} f1=Q
{[%clk 0:03:17]} 61. Qg8+ {[%clk 0:02:33]} Kh4 {[%clk 0:03:12]} 62. Qc4+
{[%clk 0:02:25]} Qxc4 {[%clk 0:03:25]} 63. Rxc4+ {[%clk 0:02:54]} Kg3
{[%clk 0:03:42]} 64. Rc1 {[%clk 0:03:21]} Kf2 {[%clk 0:04:06]} 65. b5
{[%clk 0:03:49]} g1=Q 66. Rxg1 {[%clk 0:04:17]} Kxg1 {[%clk 0:04:55]} 67. b6
{[%clk 0:04:45]} 1-0